000 00974nam a22002417a 4500
001 44549
003 BD-RjUL
005 20211209053858.0
008 160718s1967 bg ||||| |||| 00| 0 ben d
020 _c: TK 1.00
035 _a(BD-RjUL)44667
040 _aBD-RjUL
_bben
_cBD-RjUL
041 _aben
082 _223
_a891.4409
_bONO 1967
245 0 0 _aঅনল-প্রবাহের উৎস কেন্দ্রে /
250 _a২য় সং.
260 _aসিরাজগঞ্জ :
_bশিরাজী-স্মৃতি সংসদ,
_c১৯৬৭ [১৩৭৪]
300 _a[২০], ২০২ পৃ. :
_bচিত্র ;
_c২০ সেমি.
650 _aবাংলা সাহিত্য
_xইতিহাস ও সমালোচনা
_9136689
650 _aBengali LIterature
_xHistory & Criticism
_9136690
700 _aআহমদ, ইজাব উদ্দীন, সম্পাদক
_9136691
942 _2ddc
_cBK
999 _c44549
_d44549